000 00454nmm a2200157Ia 4500
008 251105s9999||||xx |||||||||||||||||und||
020 _a9789580612346
041 _aspa
100 _aVargas Caycedo, Antonio
245 0 _aLas 15 cornisas del Infierno
264 _a[Bogotá, Colombia] :
_bOveja Negra,
_c2013
300 _a232 páginas
650 _aLatin American narrative
856 _uhttps://public.digitaliapublishing.com/a/37828
942 _cCF
999 _c94894
_d94894